Deindustrialization and plant closure

Đã lưu trong:
书目详细资料
主要作者: Staudohar, Paul D.
格式: 图书
语言:Undetermined
出版: Lexington Lexington Books 1987
主题:
标签: 添加标签
没有标签, 成为第一个标记此记录!
Thư viện lưu trữ: Trung tâm Học liệu Trường Đại học Cần Thơ
LEADER 00511nam a2200181Ia 4500
001 CTU_82207
008 210402s9999 xx 000 0 und d
082 |a 338.6 
082 |b S798 
100 |a Staudohar, Paul D. 
245 0 |a Deindustrialization and plant closure 
245 0 |c Paul D. Staudohar, Holly E. Brown 
260 |a Lexington 
260 |b Lexington Books 
260 |c 1987 
650 |a Deindustrialization 
904 |i Trọng Hải 
980 |a Trung tâm Học liệu Trường Đại học Cần Thơ